Logique - Mort Subite #17 - Statistiques

Statistiques générales
  • Ce quiz a été pris 235 fois
  • Le résultat moyen est 14 sur 23
Answers on the Grid
Answers color-coded by a green-red scale on the quiz's grid according to % correct below.
Montagne
Canicule
Glace
Neige
Soleil
Froid
Bonnet
Maillot
Fidji
Hiver
Écharpe
Hawaii
Ventilateur
Moteur
Everest
Biere
Gants
Boulevard
Combinaison
Bottes
Sable
Ski
Evier
Snowboard
Sommet
Col
Vague
Grenadine
Mandoline
Piste
Télépéage
Télésiège
Nepal
Cagoule
Mot
Châlet
Février
Short
Grêle
Avalanche
 
Statistiques - réponses
Réponse % Correct
Montagne
81%
Froid
70%
Neige
70%
Glace
68%
Hiver
67%
Bonnet
65%
Ski
64%
Écharpe
63%
Everest
63%
Snowboard
61%
Avalanche
58%
Châlet
58%
Combinaison
58%
Sommet
58%
Télésiège
58%
Piste
57%
Gants
56%
Bottes
55%
Cagoule
53%
Col
53%
Grêle
52%
Février
50%
Nepal
49%
Aucun quiz correspondant
Distribution des résultats
% des personnes avec chaque résultat
Percentile par nombre de réponses
Votre historique - résultats
Vous n’avez pas pris ce quiz